000 004340000a22001810004500
003 MACL
005 20150911121646.0
008 150911b xxu||||| |||| 00| 0 eng d
040 _aMACL
_cMACL
041 _aEnglish
082 _a823
100 _aGomes, Olivinho J F
_910072
245 _aKonkani Folk Tales
260 _bNational Books Trust.
_c2007
_aNew Delhi
350 _a75
650 _aFicition
_9964
942 _cBK
_k823
_2ddc
999 _c8761
_d8761